000 01131cam a22003377a 4500
003 CHAP
005 20220817043227.0
008 971013s1989 r 00010 d
010 _a69021
011 _a69993
035 _a79472
040 _cCHAP
090 _aTesis
100 0 0 _aDomínguez Torres, Armando.
_933900
245 1 3 _aEl encalado, una necesidad en los suelos ácidos altamente intemperizados del Sur de Veracruz
260 _aChapingo, Méx. :
_bEl autor,
_c1989
300 _a[181] h. apénd.
502 _aTesis (Ing. Agrónomo Esp. en Suelos) -- UACH. Departamento de Suelos
590 _aALEPH
_b10
_c20130110
_lUCH01
_h1407
590 _aBATCH-UPD
_b10
_c20130110
_lUCH01
_h0820
590 _aBATCH-UPD
_b10
_c20130410
_lUCH01
_h0457
590 _aBATCH-UPD
_b10
_c20130914
_lUCH01
_h0815
590 _aCONVERSION
_b10
_c20130109
_lUCH01
_h1338
650 1 4 _aCalcio
_xEfecto en suelos.
_917338
650 1 4 _aSuelos
_xAcidez.
_9110192
650 1 4 _aSuelos
_zVeracruz.
_9110530
710 0 _aUACH. Departamento de Suelos.
901 _aBK
942 _cTESIS
949 _bBC
_cTES
_d-32361
_eTS1
_h22381
_i79472
_mD
_si
999 _c69021
_d69021